00728nam a2200253Ia 4500003000900000008004100009040001300050040001300063041000800076100002100084100001000105245004400115250001000159260001400169260000900183300001100192300001000203490002600213490000600239700002400245942000700269999001700276952018100293IT-RoPAU120407s9999 xx 000 0 und d aIT-RoPAU cIT-RoPAU aita aChiara Saraceno  ccoll. aIdeologia religiosa e conflitto sociale aBari  aDe Donato c1970 a296 p. c21 cm aIdeologia e società v1 aGian Enrico Rusconi cBK c31764d31764 00102ddc406261_28000000000000071aPAULUSbPAULUSd2012-04-11l0o261.28r2012-04-11 00:00:00w2012-04-11yBKzInserito da: In data: n.d. fondo: Via A.Severo 56 Progr:11710